Vocabulaire : Le Moyen-Âge - Statistiques

Statistiques générales
  • Ce quiz a été pris 432 fois
  • Le résultat moyen est 7 sur 11
Statistiques - réponses
Question Réponse % Correct
Souverain,Monarque. Roi
94%
Expédition visant à libérer le Tombeau du Christ,à Jérusalem. Croisade
92%
Nouveau style architectural né vers le 12ème Siècle. Gothique
87%
Personnalité religieuse dirigeant une abbaye. Abbé
81%
Fenêtres d'églises ou de cathédrales ornées d'une suite de dessins,racontant en général la Vie du Christ. Vitraux
79%
Paysan sous l'autorité du seigneur. Serf
73%
Impôt sur le sel. Gabelle
55%
Une sorte de cimetière sous l'église. Crypte
53%
Reconnaître un territoire annexe sur un autre royaume que le sien. (Rendre.....à son seigneur) Hommage
30%
Paysan libre. Villain
28%
Texte de loi,un des plus célèbres du Moyen-Âge se nommant "Magna Carta". Charte
20%
Aucun quiz correspondant
Distribution des résultats
% des personnes avec chaque résultat
Percentile par nombre de réponses
Votre historique - résultats
Vous n’avez pas pris ce quiz